| 000 | 01806nam a2200289 a 4500 | ||
|---|---|---|---|
| 001 | 81785 | ||
| 003 | BD-RjUL | ||
| 005 | 20250720144114.0 | ||
| 008 | 230827s2021 bg ||||| m||| 00| 0 ben d | ||
| 035 | _a(BD-RjUL)81785 | ||
| 040 |
_aBD-RjUL _bben/eng _cBD-RjUL _dBD-RjUL |
||
| 041 | _aben | ||
| 082 |
_223 _a891.44092 _bAMB 2021 |
||
| 100 | _aআমিন, মো: রুহুল | ||
| 245 | 1 | 0 |
_aবন্দে আলী মিয়ার সাহিত্যকর্মে সমকালীন সমাজ / _cমো: রুহুল আমিন _6তত্তাবধায়ক : স্বরোচিষ সরকার |
| 246 | _aContemporary society in literary works of Bande Ali Mia / | ||
| 260 |
_aরাজশাহী : _bইনস্টিটিউট অব বাংলাদেশ স্টাডিজ বিভাগ, রাজশাহী বিশ্ববিদ্যালয়, _c২০২১ |
||
| 300 |
_aঊ, [১], ১৬৩ পাতা ; _c২৯ সেমি. |
||
| 502 | _aথিসিস(এম.ফিল)-- ইনস্টিটিউট অব বাংলাদেশ স্টাডিজ, রাজশাহী বিশ্ববিদ্যালয়,২০২১ | ||
| 504 | _aগ্রন্থপঞ্জি : পাতা ১৩৮-১৪২ | ||
| 600 |
_aমিয়া, বন্দে আলী _d১৯০৬-১৯৭৯ _xসমালোচনা ও ব্যাখা _98619 |
||
| 600 |
_aMia, Bande Ali _d1906-1979 _xCriticism and Interpretation _98620 |
||
| 650 |
_aবাংলা সাহিত্য _xইতিহাস ও সমালোচনা |
||
| 650 |
_aBengali Literature _xHistory & Criticism _93020 |
||
| 700 |
_aসরকার, স্বরোচিষ, তত্তাবধায়ক _98621 |
||
| 942 |
_2ddc _cTHE |
||
| 999 |
_c81785 _d81785 |
||